Libro de Oro del Real Madrid C. de F. (Record no. 136832)

MARC details
000 -LEADER
campo de control de longitud fija 00658nam a2200181 4500
001 - NÚMERO DE CONTROL
campo de control 136832
003 - IDENTIFICADOR DE NÚMERO DE CONTROL
campo de control ES-MaACL
005 - FECHA Y HORA DE LA ÚLTIMA TRANSACCIÓN
campo de control 20231229062547.0
007 - CAMPO FIJO DE DESCRIPCIÓN FÍSICA--INFORMACIÓN GENERAL
campo de control de longitud fija t|
008 - DATOS DE LONGITUD FIJA--INFORMACIÓN GENERAL
campo de control de longitud fija 070214s1952 sp r ||||1| spa d
245 00 - MENCIÓN DEL TÍTULO
Título Libro de Oro del Real Madrid C. de F.
Resto del título : 1902-1952 /
Mención de responsabilidad, etc. edita Real Madrid C. de F. ; dirige F. Sáinz de Robles.
260 ## - PUBLICACIÓN, DISTRIBUCIÓN, ETC.
Lugar de publicación, distribución, etc. Madrid :
Nombre del editor, distribuidor, etc. Ares :
-- Real Madrid C. de F.,
Fecha de publicación, distribución, etc. 1952.
300 ## - DESCRIPCIÓN FÍSICA
Extensión XIII, 393 p., 88 lám. :
Otras características físicas il. ;
Dimensiones 25 cm +
Material acompañante/anejo 6 lám. pleg.
700 1# - ENTRADA AGREGADA--NOMBRE PERSONAL
Nombre de persona Sainz de Robles, Federico Carlos,
Fechas asociadas al nombre 1898-1982
9 (RLIN) 101593
710 2# - ENTRADA AGREGADA--NOMBRE DE ENTIDAD CORPORATIVA
Nombre de entidad corporativa o nombre de jurisdicción como elemento de entrada Real Madrid Club de Fútbol.
9 (RLIN) 6364
852 ## - LOCALIZACIÓN
Ubicación ES-MaACL
Número de control de estantería D-7315
Sublocalización o colección R.32144
Holdings
Estatus retirado Estado de pérdida Estado de daño No para préstamo Biblioteca de origen Biblioteca actual Ubicación en estantería Fecha de adquisición Fuente de adquisición Total de préstamos Signatura topográfica completa Código de barras Visto por última vez Precio de reemplazo Tipo de ítem Koha
        Biblioteca del Ateneo de Madrid Biblioteca del Ateneo de Madrid Sala Valle Inclán 17/01/2008     D-7315 901142400 23/02/2023 23/02/2023 Libro impreso